• 首页
  • 本馆介绍
  • 公告通知
  • 最新文献
  • 馆藏检索
  • 电子资源
  • 读者导购
  • 参考咨询
  • 我的图书馆
  • 登录
  • 详细信息显示
  • 放入我的书架
  • 预约/预借图书
  • 作者相关作品
  • 分类相关作品
  • 丛书相关作品
  • 出版社相关作品

书目信息

  • 表格格式
  • 工作单格式
  • 卡片格式
题名:
网页设计与制作
    
 
作者: 赵丰年 编著
分册:  
出版信息: 北京   人民邮电出版社  2021.6
页数: 288页
开本: 26cm
丛书名:
单 册:
中图分类: TP312.8HT , TP393.092.2
科图分类:
主题词: 超文本标记语言--程序设计--高等学校--教材 , 网页制作工具--程序设计--高等学校--教材 , Java语言--程序设计--高等学校--教材
电子资源:
ISBN: 978-7-115-53485-9
000 01590nam0 2200337 45
001 012001001001
005 20211012145952.11
010    @a978-7-115-53485-9@dCNY59.80
100    @a20200814d2020 em y0chiy50 ea
101 0  @achi
102    @aCN@b110000
105    @aak z 000yy
106    @ar
200 1  @a网页设计与制作@Awang ye she ji yu zhi zuo@b专著@eHTML5+CSS3+JavaScript@dWeb design with HTML5, CSS3 and JavaScript@e微课版@f赵丰年编著@zeng
205    @a4版
210    @a北京@c人民邮电出版社@d2021.6
215    @a288页@c图@d26cm
300    @a普通高等教育“十一五”国家级规划教材 工业和信息化“十三五”人才培养规划教材
300    @a并列题名:Web design with HTML5, CSS3 and JavaScript
300    @a其他题名:微课版
330    @a本书共10章,逻辑上可分为三大部分。前5章为第1部分,主要介绍了网页制作的基本理论——HTML和CSS,同时介绍了Photoshop在网页制作过程中的应用;第6章和第7章为第2部分,主要介绍了CSS技术的高级应用技巧和JavaScript编程,并对各种常见的前端开发技术进行了梳理;最后3章为第3部分,第8章从心理学和设计理论视角介绍了如何进行网页设计,第9章介绍了如何使用Dreamweaver进行网站开发,第10章则从项目实践的角度论述了如何设计和开发一个网站。
510 1  @aWeb design with HTML5, CSS3 and JavaScript@zeng
517 1  @a微课版@Awei ke ban
606 0  @a超文本标记语言@x程序设计@x高等学校@j教材
606 0  @a网页制作工具@x程序设计@x高等学校@j教材
606 0  @aJava语言@x程序设计@x高等学校@j教材
690    @aTP312.8HT@v5
690    @aTP393.092.2@v5
701  0 @a赵丰年@Azhao feng nian@4编著
801  0 @aCN@bBJSDL@c20211011
905    @b1332651-4@dTP312.8HT@e1896=4@f4
    
    网页设计与制作:HTML5+CSS3+JavaScript=Web design with HTML5, CSS3 and JavaScript:微课版/赵丰年编著.-4版.-北京:人民邮电出版社,2021.6
    288页:图;26cm
    普通高等教育“十一五”国家级规划教材 工业和信息化“十三五”人才培养规划教材.-并列题名:Web design with HTML5, CSS3 and JavaScript.-其他题名:微课版
    
    ISBN 978-7-115-53485-9:CNY59.80
    本书共10章,逻辑上可分为三大部分。前5章为第1部分,主要介绍了网页制作的基本理论——HTML和CSS,同时介绍了Photoshop在网页制作过程中的应用;第6章和第7章为第2部分,主要介绍了CSS技术的高级应用技巧和JavaScript编程,并对各种常见的前端开发技术进行了梳理;最后3章为第3部分,第8章从心理学和设计理论视角介绍了如何进行网页设计,第9章介绍了如何使用Dreamweaver进行网站开发,第10章则从项目实践的角度论述了如何设计和开发一个网站。
●
相关链接 在E读中查询图书 在五车中查询图书 在当当中查询图书 在豆瓣中查询图书


正题名:网页设计与制作     索取号:TP312.8HT/1896=4         预约/预借

序号 登录号 条形码 馆藏地/架位号 状态 备注
1 1332651   213326514   第二样本阅览室/ [索取号:TP312.8HT/1896=4] 在馆    
2 1332652   213326523   第三借阅区/ [索取号:TP312.8HT/1896=4] 在馆    
3 1332653   213326532   第三借阅区/ [索取号:TP312.8HT/1896=4] 在馆    
4 1332654   213326541   第三借阅区/ [索取号:TP312.8HT/1896=4] 在馆    
唐山师范学院图书馆 欢迎您!
大连网信软件有限公司© 版权所有